[Event "Paracin 2019"]
[Site "Paracin"]
[Date "2019.07.06"]
[Round "3.14"]
[White "Tan, Justin"]
[Black "Apaydin, Fethi"]
[Result "0-1"]
[WhiteElo "2513"]
[BlackElo "2310"]
[PlyCount "110"]
[EventDate "2019.??.??"]

1. e4 c5 2. Nf3 e6 3. d4 cxd4 4. Nxd4 a6 5. c4 Nc6 6. Nxc6 bxc6 7. Nc3 Bc5 8.
Qf3 Ne7 9. h4 O-O 10. h5 f5 11. e5 Bd4 12. h6 g6 13. Bf4 Qa5 14. Qg3 Rb8 15.
O-O-O c5 16. Rd2 Nc6 17. Kd1 Bxc3 18. Qxc3 Qxa2 19. Be3 Rb3 20. Qc2 Nb4 21. Qc1
Qa4 22. Ke1 Qa5 23. Qd1 Rxb2 24. Rxb2 Nd3+ 25. Ke2 Nxb2 26. Qb3 Qb4 27. Qxb4
cxb4 28. Bc5 Re8 29. Kd2 a5 30. Bd4 Na4 31. c5 Nc3 32. Bxc3 bxc3+ 33. Kxc3 Bb7
34. Bb5 Rc8 35. Bxd7 Rxc5+ 36. Kb3 Kf7 37. f3 Bd5+ 38. Ka4 Ke7 39. Bb5 Bb3+ 40.
Kxa5 Bc4 41. Kb4 Rxb5+ 42. Kxc4 Rxe5 43. Rb1 Rd5 44. Rb8 Rd7 45. f4 Kf7 46. Rh8
Kf6 47. g3 e5 48. Rf8+ Ke6 49. fxe5 Kxe5 50. Rg8 Rd4+ 51. Kc5 Rg4 52. Rg7 Rxg3
53. Re7+ Kf4 54. Rxh7 Rh3 55. Rh8 g5 0-1

[Event "International Tournament "]
[Site "Paracin, Pool "]
[Date "2019.07.06"]
[Round "3.31"]
[White "Sapale, Saloni"]
[Black "Radovanovic, Nikola"]
[Result "0-1"]
[WhiteElo "2151"]
[BlackElo "2431"]
[PlyCount "62"]
[EventDate "2019.07.05"]

1. e4 c5 2. Nf3 d6 3. d4 cxd4 4. Nxd4 Nf6 5. Nc3 a6 6. f3 e6 7. Be3 b5 8. Qd2
b4 9. Na4 Nbd7 10. O-O-O Qa5 11. b3 Bb7 12. a3 Qc7 13. axb4 d5 14. Bf2 e5 15.
Nf5 g6 16. Nh6 Be7 17. Kb2 dxe4 18. Bc4 Rf8 19. Bg3 exf3 20. Rhe1 fxg2 21. Qc3
Rc8 22. Nc5 Nxc5 23. bxc5 Ne4 24. Rxe4 Bxe4 25. Bxa6 Bxc5 26. Bb5+ Ke7 27. Bxe5
Ba3+ 28. Kxa3 Qa7+ 29. Kb2 Rxc3 30. Bxc3 g1=Q 31. Bb4+ Qac5 0-1

[Event "International Tournament "]
[Site "Paracin, Pool "]
[Date "2019.07.06"]
[Round "3.32"]
[White "Soysal, Serkan"]
[Black "Gandhi, Anish"]
[Result "1/2-1/2"]
[WhiteElo "2431"]
[BlackElo "2167"]
[PlyCount "123"]
[EventDate "2019.07.05"]

1. d4 Nf6 2. c4 g6 3. Nc3 d5 4. e3 Bg7 5. Qb3 e6 6. Qa3 c6 7. b3 a5 8. Bd2 Na6
9. Nf3 Nb4 10. Qb2 O-O 11. a3 Na6 12. Bd3 Nb8 13. O-O Nbd7 14. h3 b6 15. Rac1
Ba6 16. Rfd1 Qe7 17. e4 dxe4 18. Nxe4 c5 19. Nxf6+ Bxf6 20. Be4 Rab8 21. Bc3
Bb7 22. Bxb7 Rxb7 23. b4 axb4 24. axb4 Ra7 25. dxc5 Bxc3 26. Rxc3 bxc5 27. b5
Nb6 28. Qc2 Rd8 29. Rcd3 Rxd3 30. Rxd3 Ra1+ 31. Kh2 Ra4 32. Rc3 Qf6 33. g3 Qd8
34. Qe4 Qf6 35. Rc2 Ra1 36. Kg2 Kg7 37. Qe3 Qf5 38. Qc3+ Qf6 39. Ne5 Ra4 40.
Qe3 Qe7 41. Nc6 Qd6 42. Rd2 Qc7 43. Qxc5 Rxc4 44. Qa3 Nd5 45. Qb2+ Kg8 46. Qb3
Rc5 47. Ra2 Qb7 48. Rb2 Nc7 49. Qf3 Nd5 50. Qa3 Rxb5 51. Rxb5 Qxb5 52. Qa8+ Kg7
53. Qa1+ Kg8 54. Qa8+ Kg7 55. Qa1+ f6 56. Qa7+ Kh6 57. Nd8 Qe2 58. Nf7+ Kh5 59.
Nd6 Kh6 60. Nf7+ Kh5 61. Nd6 Kh6 62. Nf7+ 1/2-1/2

[Event "International Tournament "]
[Site "Paracin, Pool "]
[Date "2019.07.06"]
[Round "3.33"]
[White "Pimpalkhare, Vedant"]
[Black "Ratkovic, Miloje"]
[Result "0-1"]
[WhiteElo "2150"]
[BlackElo "2416"]
[PlyCount "92"]
[EventDate "2019.07.05"]

1. Nf3 d5 2. g3 Nf6 3. Bg2 c6 4. O-O Bf5 5. b3 e6 6. Bb2 Be7 7. d3 O-O 8. Nbd2
Nfd7 9. c4 Bf6 10. Qc1 a5 11. a3 Na6 12. Rd1 Bg4 13. Rb1 Re8 14. h3 Bh5 15. Nf1
Nac5 16. Bxf6 Qxf6 17. Qb2 Qxb2 18. Rxb2 Bxf3 19. Bxf3 a4 20. b4 Nb3 21. Nd2
Nxd2 22. Rbxd2 Ne5 23. Bg2 g5 24. cxd5 cxd5 25. Rc2 Nc6 26. e3 Rec8 27. Rdc1
Na7 28. Rxc8+ Rxc8 29. Rxc8+ Nxc8 30. Bf3 Nd6 31. Bd1 b5 32. Kf1 f5 33. Ke1 Kf7
34. Kd2 e5 35. Be2 Ke6 36. f4 gxf4 37. gxf4 d4 38. Bf3 e4 39. Be2 Kd5 40. dxe4+
fxe4 41. exd4 Kxd4 42. f5 Ke5 43. Kc3 Kxf5 44. Kd4 Kf4 45. Kd5 Ke3 46. Bf1 Kf2
0-1

[Event "International Tournament "]
[Site "Paracin, Pool "]
[Date "2019.07.06"]
[Round "3.34"]
[White "Parnali, S Dharia"]
[Black "Gadimbayli, Abdulla"]
[Result "0-1"]
[WhiteElo "2145"]
[BlackElo "2414"]
[PlyCount "56"]
[EventDate "2019.07.05"]

1. Nf3 Nf6 2. g3 b6 3. Bg2 Bb7 4. O-O e6 5. c4 g6 6. b3 Bg7 7. Bb2 O-O 8. Nc3
Re8 9. d4 Ne4 10. Qc2 f5 11. Rfd1 Nxc3 12. Bxc3 Be4 13. Qb2 d6 14. d5 e5 15.
Ne1 Bxg2 16. Nxg2 Nd7 17. Nf4 Nc5 18. Nd3 Ne4 19. Be1 f4 20. Qc2 fxg3 21. fxg3
Qg5 22. Kg2 Rf8 23. Nf2 Nxf2 24. Bxf2 e4 25. Bd4 e3 26. Bxg7 Rf2+ 27. Kg1 Qh5
28. h4 Qg4 0-1

[Event "International Tournament "]
[Site "Paracin, Pool "]
[Date "2019.07.06"]
[Round "3.35"]
[White "Sadykov, Ramil"]
[Black "Terziev, Dimo"]
[Result "1/2-1/2"]
[WhiteElo "2342"]
[BlackElo "2166"]
[PlyCount "78"]
[EventDate "2019.07.05"]

1. e4 e6 2. d4 d5 3. Nc3 Bb4 4. e5 c5 5. a3 Ba5 6. b4 cxd4 7. bxa5 dxc3 8. Qg4
Kf8 9. Qb4+ Ne7 10. Qxc3 Nbc6 11. Bd2 d4 12. Qg3 Nf5 13. Qf4 Qd5 14. Nf3 h6 15.
h4 f6 16. c4 Qc5 17. exf6 gxf6 18. h5 e5 19. Qe4 Nfe7 20. Nh4 f5 21. Qf3 e4 22.
Qf4 Qe5 23. g4 e3 24. fxe3 dxe3 25. Qxe5 exd2+ 26. Kxd2 Nxe5 27. Re1 N5c6 28.
Bg2 Rg8 29. gxf5 Kf7 30. a6 Rb8 31. axb7 Bxb7 32. Ng6 Rgd8+ 33. Kc3 Rd7 34. Re6
Rc7 35. Rd1 Rbc8 36. Nxe7 Rxe7 37. Rxe7+ Nxe7 38. Bxb7 Rc7 39. Be4 Kf6 1/2-1/2

[Event "International Tournament "]
[Site "Paracin, Pool "]
[Date "2019.07.06"]
[Round "3.36"]
[White "O`donnell, Conor"]
[Black "Dimitrijevic, Nenad"]
[Result "0-1"]
[WhiteElo "2341"]
[BlackElo "2150"]
[PlyCount "72"]
[EventDate "2019.07.05"]

1. c4 e6 2. g3 f5 3. Bg2 Nf6 4. Nf3 Be7 5. O-O O-O 6. d3 d6 7. Nc3 e5 8. Rb1 a5
9. a3 c6 10. b4 axb4 11. axb4 Qe8 12. e3 Kh8 13. b5 c5 14. Nd2 Bd8 15. Nb3 Nbd7
16. f4 Nb6 17. e4 fxe4 18. fxe5 Bg4 19. Qe1 Qxe5 20. Nxe4 Ra2 21. Bf4 Qh5 22.
Bxd6 Re8 23. Rf2 Re2 24. Rxe2 Bxe2 25. Qd2 Nxc4 26. dxc4 Nxe4 27. Bxe4 Rxe4 28.
Bxc5 Bg5 29. Qd6 Bxc4 30. Bd4 Qe8 31. Bf2 Re2 32. Qd4 Bxb5 33. h4 Bf6 34. Qg4
Bc6 35. Rf1 h6 36. Nd4 Re4 0-1

[Event "International Tournament "]
[Site "Paracin, Pool "]
[Date "2019.07.06"]
[Round "3.37"]
[White "Tyurin, Artem"]
[Black "Franklin, Samuel G A"]
[Result "1/2-1/2"]
[WhiteElo "2107"]
[BlackElo "2339"]
[PlyCount "82"]
[EventDate "2019.07.05"]

1. c4 Nf6 2. Nc3 g6 3. e4 d6 4. d4 Bg7 5. Be2 O-O 6. Bg5 c5 7. dxc5 Qa5 8. Bd2
Qxc5 9. Nf3 Bg4 10. O-O Nc6 11. Be3 Qa5 12. Nd2 Bxe2 13. Qxe2 Rac8 14. f3 Rfe8
15. a3 Qh5 16. Rac1 a6 17. Nd5 e6 18. Nf4 Qe5 19. Nd3 Qa5 20. Qf2 Nd7 21. Nb3
Qa4 22. Nd4 Nxd4 23. Bxd4 Rxc4 24. Bxg7 Kxg7 25. Nf4 Rec8 26. Rcd1 Qc6 27. Qg3
Qc5+ 28. Kh1 Rc6 29. Nd3 Qb5 30. Nb4 Rb6 31. f4 a5 32. f5 Qe5 33. fxe6 Qxe6 34.
Nd5 Rxb2 35. Ne3 Rb3 36. Nf5+ Qxf5 37. Qxb3 Qxe4 38. Rde1 Qc6 39. Re7 a4 40.
Qb2+ Ne5 41. Rg1 Kf8 1/2-1/2

[Event "International Tournament "]
[Site "Paracin, Pool "]
[Date "2019.07.06"]
[Round "3.38"]
[White "Krasteva, Beloslava"]
[Black "Risteski, Emil"]
[Result "0-1"]
[WhiteElo "2327"]
[BlackElo "2150"]
[PlyCount "80"]
[EventDate "2019.07.05"]

1. d4 Nf6 2. c4 g6 3. Nc3 Bg7 4. e4 d6 5. h3 O-O 6. Be3 c5 7. d5 e6 8. Bd3 exd5
9. exd5 Re8 10. Nf3 Bh6 11. O-O Bxe3 12. fxe3 Qe7 13. e4 Nbd7 14. Qd2 Ne5 15.
Nxe5 Qxe5 16. Rf3 Nd7 17. Nb5 Qe7 18. Nc7 Ne5 19. Nxa8 Nxf3+ 20. gxf3 b6 21.
Bf1 Ba6 22. Nxb6 axb6 23. Re1 Qh4 24. b3 f5 25. Bg2 Bc8 26. Qf2 Qf6 27. a3 f4
28. Rc1 Re5 29. b4 Rg5 30. Kh1 Rg3 31. Rc2 h5 32. bxc5 Qh4 33. Qf1 Bxh3 34.
Bxh3 g5 35. cxb6 g4 36. b7 Rxh3+ 37. Qxh3 Qxh3+ 38. Kg1 Qg3+ 39. Rg2 Qe1+ 40.
Kh2 g3+ 0-1

[Event "International Tournament "]
[Site "Paracin, Pool "]
[Date "2019.07.06"]
[Round "3.39"]
[White "Shoshin, Kirill"]
[Black "Konaplev, Anton"]
[Result "0-1"]
[WhiteElo "2089"]
[BlackElo "2314"]
[PlyCount "120"]
[EventDate "2019.07.05"]

1. e4 e6 2. d4 d5 3. exd5 exd5 4. Bd3 Nc6 5. Ne2 Bd6 6. Nbc3 Nb4 7. Bf4 c6 8.
O-O Ne7 9. Re1 O-O 10. Bxd6 Qxd6 11. Ng3 Nxd3 12. Qxd3 Be6 13. Nb1 Rfe8 14. Nd2
f6 15. c3 Qd7 16. Nf3 Nc8 17. Re2 Nd6 18. Rae1 a5 19. h3 a4 20. Nh4 Rab8 21. f4
Bf7 22. f5 Rxe2 23. Rxe2 b6 24. Nf1 Kf8 25. g4 c5 26. Nd2 Qb5 27. Qxb5 Nxb5 28.
Nhf3 a3 29. Nb1 Ra8 30. Nxa3 Nxa3 31. bxa3 Rxa3 32. Rc2 Be8 33. dxc5 bxc5 34.
Nd2 Ke7 35. Nb1 Ra4 36. Re2+ Kd7 37. Kf2 g6 38. Kg3 Bf7 39. Rb2 Kc6 40. Re2
gxf5 41. gxf5 Kd6 42. Rb2 Be8 43. Rb6+ Bc6 44. a3 h5 45. Rb8 h4+ 46. Kf3 Bd7
47. Rb6+ Ke5 48. Ke3 Kxf5 49. Rd6 Be6 50. Rc6 Rc4 51. a4 Ke5 52. a5 Bxh3 53. a6
Bf5 54. a7 Re4+ 55. Kf2 Ra4 56. Nd2 Rxa7 57. Nf3+ Kf4 58. Nxh4 Ra2+ 59. Ke1 Be4
60. c4 Kg3 0-1

[Event "International Tournament "]
[Site "Paracin, Pool "]
[Date "2019.07.06"]
[Round "3.40"]
[White "Ozsoy, Alimert"]
[Black "Milosevic, Milos"]
[Result "1-0"]
[WhiteElo "2087"]
[BlackElo "2312"]
[PlyCount "59"]
[EventDate "2019.07.05"]

1. e4 c5 2. Nf3 d6 3. d4 cxd4 4. Nxd4 Nf6 5. Nc3 a6 6. Bg5 Nbd7 7. Qe2 h6 8.
Bh4 g6 9. f4 e5 10. fxe5 dxe5 11. O-O-O Qc7 12. Nb3 b5 13. Qf3 Bg7 14. a3 O-O
15. Bd3 Bb7 16. Rhf1 Rac8 17. Be1 Qb8 18. g4 Qa8 19. h4 Rc7 20. Kb1 Nb6 21. Na5
Nfd7 22. h5 Nc5 23. Nxb7 Qxb7 24. g5 hxg5 25. Qg4 Qc8 26. Qxg5 Ne6 27. Qg1 Nc4
28. hxg6 fxg6 29. Rxf8+ Qxf8 30. Qxg6 1-0

[Event "International Tournament "]
[Site "Paracin, Pool "]
[Date "2019.07.06"]
[Round "3.41"]
[White "Peycheva, Gergana"]
[Black "Wong, Jianwen"]
[Result "1/2-1/2"]
[WhiteElo "2065"]
[BlackElo "2301"]
[PlyCount "114"]
[EventDate "2019.07.05"]

1. d4 Nf6 2. c4 e6 3. Nc3 Bb4 4. e3 O-O 5. Bd3 d5 6. Nge2 dxc4 7. Bxc4 c5 8.
O-O cxd4 9. exd4 Nc6 10. a3 Be7 11. Bd3 b6 12. Bc2 Bb7 13. Qd3 Qd7 14. Bg5 g6
15. Rfe1 Rfd8 16. Rad1 Rac8 17. Bb3 Na5 18. Ba4 Qc7 19. Bf4 Qc4 20. Qb1 Bc6 21.
Bc2 Ba8 22. f3 Qc6 23. Be4 Qd7 24. Bxa8 Rxa8 25. Ne4 Nc6 26. Kh1 Rac8 27. N2c3
Nd5 28. Bg3 Kg7 29. h3 Qb7 30. Nxd5 exd5 31. Nc3 Bf6 32. Be5 Nxe5 33. dxe5 Bh4
34. Re2 Bg3 35. Nb5 Qa6 36. Nd4 Re8 37. e6 fxe6 38. Rxe6 Rxe6 39. Nxe6+ Kf6 40.
Nd4 Qc4 41. b3 Qc5 42. Ne2 Bb8 43. Qd3 Qxa3 44. Qxd5 Qc5 45. Qe4 Qc7 46. f4 Qe7
47. Qd4+ Kf7 48. Nc3 Rf8 49. Qc4+ Kg7 50. Nd5 Qf7 51. Re1 Bd6 52. Qc6 Rd8 53.
Qc3+ Kg8 54. Nf6+ Kf8 55. Nxh7+ Kg8 56. Nf6+ Kf8 57. Nh7+ Kg8 1/2-1/2

[Event "International Tournament "]
[Site "Paracin, Pool "]
[Date "2019.07.06"]
[Round "3.43"]
[White "Shahil, Dey"]
[Black "Jocev, Milan"]
[Result "1-0"]
[WhiteElo "2037"]
[BlackElo "2297"]
[PlyCount "81"]
[EventDate "2019.07.05"]

1. e4 e6 2. d4 d5 3. Nd2 Nf6 4. e5 Nfd7 5. f4 c5 6. c3 Nc6 7. Ndf3 Qb6 8. a3 f6
9. b4 cxd4 10. cxd4 Be7 11. Bd3 O-O 12. Bb2 Rf7 13. Ne2 fxe5 14. fxe5 Rxf3 15.
gxf3 Bh4+ 16. Ng3 g6 17. Be2 Ne7 18. f4 Nf5 19. Qd3 Nf8 20. O-O Bd7 21. Rac1
Ng7 22. Qc2 Ne8 23. Qb3 Be7 24. Bc3 Rc8 25. a4 Qd8 26. b5 h5 27. Bb4 Rxc1 28.
Rxc1 Bxb4 29. Qxb4 Qh4 30. Qd2 b6 31. Rf1 Ng7 32. a5 Qd8 33. Ra1 h4 34. Nf1 Qe8
35. axb6 axb6 36. Ne3 Nh7 37. Qc2 Qf8 38. Qxg6 Qxf4 39. Ra8+ Nf8 40. Ng4 Kh8
41. Rxf8+ 1-0

[Event "International Tournament "]
[Site "Paracin, Pool "]
[Date "2019.07.06"]
[Round "3.44"]
[White "Boldoo, Erdenepurev"]
[Black "Baylav, Can"]
[Result "1-0"]
[WhiteElo "2295"]
[BlackElo "2120"]
[PlyCount "75"]
[EventDate "2019.07.05"]

1. d4 Nf6 2. c4 g6 3. Nc3 d5 4. cxd5 Nxd5 5. e4 Nxc3 6. bxc3 Bg7 7. Nf3 c5 8.
h3 Qa5 9. Bd2 O-O 10. Be2 Nc6 11. O-O Qc7 12. d5 Na5 13. c4 b6 14. Rc1 Nb7 15.
Bc3 e5 16. dxe6 Bxe6 17. Bxg7 Kxg7 18. Qd2 Qe7 19. Qc3+ Kg8 20. e5 f5 21. h4 h6
22. Qd2 Kg7 23. Qf4 Rad8 24. Rc3 Na5 25. Rd1 Rxd1+ 26. Bxd1 Rd8 27. Ba4 a6 28.
Bc2 b5 29. cxb5 axb5 30. Qe3 Nc4 31. Qe2 Bd5 32. h5 Bxf3 33. Qxf3 Nxe5 34. Qe2
Qd6 35. hxg6 Qd4 36. Rb3 Ng4 37. Qe7+ Kxg6 38. Bxf5+ 1-0

[Event "International Tournament "]
[Site "Paracin, Pool "]
[Date "2019.07.06"]
[Round "3.45"]
[White "Stefansson, Vignir Vatnar"]
[Black "Toncheva, Nadya"]
[Result "1-0"]
[WhiteElo "2293"]
[BlackElo "2087"]
[PlyCount "93"]
[EventDate "2019.07.05"]

1. d4 d5 2. c4 dxc4 3. e4 e5 4. Nf3 Bb4+ 5. Nbd2 c3 6. Qa4+ Nc6 7. bxc3 Bxc3 8.
Rb1 exd4 9. Bc4 Bd7 10. Qb3 Nh6 11. O-O O-O 12. Qxb7 Rb8 13. Qa6 Nb4 14. Qxa7
Rb6 15. Nb3 Bc6 16. Bf4 Rb7 17. Qc5 Bxe4 18. Na5 Rb8 19. Rbd1 Bxf3 20. gxf3 Qf6
21. Qe5 Qxe5 22. Bxe5 Nf5 23. Nb3 Ra8 24. Nxd4 c5 25. Nxf5 Bxe5 26. Rfe1 Bf6
27. Ne7+ Kh8 28. Nd5 Nxa2 29. Nxf6 gxf6 30. Rd5 Nb4 31. Rxc5 Rad8 32. Re4 Nd3
33. Rf5 Ne5 34. Rxf6 Nxc4 35. Rxc4 Rg8+ 36. Rg4 Rxg4+ 37. fxg4 Kg7 38. Ra6 f6
39. Kg2 Kg6 40. Kg3 Rd4 41. f3 Rb4 42. h4 Kg7 43. Ra7+ Kh6 44. h5 Rc4 45. Rf7
Rc6 46. Kh4 Ra6 47. f4 1-0

[Event "International Tournament "]
[Site "Paracin, Pool "]
[Date "2019.07.06"]
[Round "3.46"]
[White "Tadic, Katarina"]
[Black "Raghavi, N."]
[Result "0-1"]
[WhiteElo "2021"]
[BlackElo "2290"]
[PlyCount "120"]
[EventDate "2019.07.05"]

1. Nf3 Nf6 2. g3 g6 3. Bg2 Bg7 4. O-O O-O 5. c4 d6 6. d4 Nbd7 7. Nc3 c6 8. h3
Re8 9. Re1 e5 10. e4 exd4 11. Nxd4 a5 12. Be3 Nc5 13. Qc2 Nfd7 14. Rad1 a4 15.
Nde2 Qc7 16. b4 axb3 17. axb3 Qb6 18. Rb1 Qb4 19. Bd4 Nf6 20. Nc1 Ne6 21. Be3
Nh5 22. N1a2 Qa5 23. b4 Qe5 24. Ne2 Qf6 25. b5 Ng5 26. Bxg5 Qxg5 27. Nb4 Bd7
28. bxc6 bxc6 29. Red1 Qc5 30. Nd3 Qa3 31. Rb7 Ra7 32. Rb3 Qa4 33. Nb2 Qa5 34.
Nd3 d5 35. Ndf4 Nxf4 36. Nxf4 d4 37. c5 Qa4 38. Qb1 Ra5 39. Nd3 Be6 40. Rb8
Qxd1+ 41. Qxd1 Rxb8 42. e5 Bf5 43. f4 Ra3 44. Bf1 Rbb3 45. Nf2 Rxg3+ 46. Kh2
Rgf3 47. Qxd4 Ra2 48. Qd8+ Bf8 49. Bc4 Rfxf2+ 50. Kg1 Bxh3 51. Bxa2 Rxa2 52.
Kh1 Be6 53. Kg1 Rc2 54. Kf1 h5 55. Ke1 Rxc5 56. Kf2 Rd5 57. Qc7 c5 58. Kg3 Rd3+
59. Kh4 Bh6 60. f5 Bxf5 0-1

[Event "International Tournament "]
[Site "Paracin, Pool "]
[Date "2019.07.06"]
[Round "3.47"]
[White "Ulziikhishigjargal, Ochirkhuyag"]
[Black "Pantelic, Sasa"]
[Result "1-0"]
[WhiteElo "2017"]
[BlackElo "2289"]
[PlyCount "85"]
[EventDate "2019.07.05"]

1. e4 e6 2. d4 d5 3. Nd2 Nf6 4. e5 Nfd7 5. Bd3 c5 6. c3 Nc6 7. Ne2 cxd4 8. cxd4
f6 9. exf6 Nxf6 10. O-O Bd6 11. Nf3 Qc7 12. Bg5 O-O 13. Rc1 Qb6 14. Ng3 Qxb2
15. Bxf6 gxf6 16. Rb1 Qa3 17. Nh5 Rf7 18. Qc2 Be7 19. Bxh7+ Rxh7 20. Qg6+ Kh8
21. Qe8+ Bf8 22. Nh4 Rxh5 23. Qxh5+ Kg8 24. Rb3 Qe7 25. Ng6 Qh7 26. Qg4 Kf7 27.
Nxf8 Kxf8 28. Rh3 Qg7 29. Qh5 Ne7 30. Rc1 Bd7 31. Rg3 Qf7 32. Qh6+ Ke8 33. Rg7
Qf8 34. Qh5+ Kd8 35. Rh7 Be8 36. Qh3 Qg8 37. Rh8 Qg7 38. Rh4 Qg5 39. f4 Qf5 40.
Qa3 Ng8 41. Qd6+ Bd7 42. Rh8 Qg6 43. Rc7 1-0

[Event "International Tournament "]
[Site "Paracin, Pool "]
[Date "2019.07.06"]
[Round "3.48"]
[White "Martic, Zlatko"]
[Black "Jijo, Joy"]
[Result "1-0"]
[WhiteElo "2283"]
[BlackElo "2053"]
[PlyCount "113"]
[EventDate "2019.07.05"]

1. d4 d5 2. Nf3 Nf6 3. Bf4 Bf5 4. e3 e6 5. c4 Bxb1 6. Qxb1 Bb4+ 7. Kd1 Ne4 8.
Qc2 Bd6 9. Bd3 Bxf4 10. exf4 Nc6 11. Bxe4 dxe4 12. Qxe4 Nxd4 13. Nxd4 c5 14.
Ke2 Qxd4 15. Qxd4 cxd4 16. Rhd1 O-O-O 17. Rd2 f6 18. Kd3 e5 19. fxe5 fxe5 20.
Re1 Rde8 21. Rde2 Rhf8 22. Rxe5 Rxe5 23. Rxe5 Rxf2 24. Re2 Rf7 25. Kxd4 Kc7 26.
b4 b6 27. a4 Kc6 28. b5+ Kd7 29. Ra2 Kc7 30. a5 Rd7+ 31. Kc3 Kb7 32. a6+ Kc7
33. Re2 Rf7 34. Re8 Kd7 35. Rb8 Kd6 36. Rd8+ Kc7 37. Ra8 Kd6 38. Kb4 Rc7 39. h4
Ke6 40. h5 h6 41. Re8+ Kd7 42. Re4 Kd6 43. Rg4 Ke5 44. Rg6 Kd4 45. Rd6+ Ke4 46.
Rd8 Ke5 47. Rb8 Kd6 48. Kc3 Rf7 49. Ra8 Ke5 50. Kd3 Rd7+ 51. Ke3 Rc7 52. Re8+
Kd6 53. Kd4 Rf7 54. Re4 Rd7 55. Rg4 Ke6+ 56. Ke4 Rd1 57. Rxg7 1-0

[Event "International Tournament "]
[Site "Paracin, Pool "]
[Date "2019.07.06"]
[Round "3.49"]
[White "Koljevic, Nikolina"]
[Black "Holland, James P"]
[Result "1/2-1/2"]
[WhiteElo "1960"]
[BlackElo "2263"]
[PlyCount "120"]
[EventDate "2019.07.05"]

1. e4 c5 2. Nf3 d6 3. d4 Nf6 4. Nc3 cxd4 5. Nxd4 g6 6. g3 Nc6 7. Bg2 Nxd4 8.
Qxd4 Bg7 9. O-O O-O 10. Qd3 Nd7 11. f4 b6 12. Be3 Nc5 13. Bxc5 bxc5 14. Rad1 c4
15. Qe3 Rb8 16. b3 Qa5 17. e5 Be6 18. Nd5 Bxd5 19. Bxd5 cxb3 20. Bxb3 dxe5 21.
fxe5 e6 22. Rd7 Qb6 23. Re1 Bh6 24. Qxb6 axb6 25. Kf2 Rfd8 26. Rd3 Rxd3 27.
cxd3 Rd8 28. Bc4 Rd4 29. Kf3 Bf8 30. Rb1 Bc5 31. Rb5 Rd8 32. a4 Ra8 33. Bb3 Rd8
34. Bc4 Bg1 35. h3 h5 36. Rb1 Bd4 37. Ke4 g5 38. Rb5 Bg1 39. Rb1 Bc5 40. Rb5
Bg1 41. Rb1 Bf2 42. Kf3 Bd4 43. Ke4 Kg7 44. Rb5 Bg1 45. Rb1 Bf2 46. Kf3 Bd4 47.
Ke4 Kg6 48. Rf1 Bc5 49. Rf6+ Kg7 50. Rf1 h4 51. gxh4 Rd4+ 52. Kf3 Rxh4 53. Kg3
Bd4 54. Re1 Rf4 55. Re4 Rxe4 56. dxe4 Kg6 57. Kg4 Bf2 58. Bd3 Bh4 59. Bc2 Bf2
60. Bd3 Bd4 1/2-1/2

[Event "International Tournament "]
[Site "Paracin, Pool "]
[Date "2019.07.06"]
[Round "3.50"]
[White "Tadic, Stefan"]
[Black "Harshini, A."]
[Result "1-0"]
[WhiteElo "2262"]
[BlackElo "2018"]
[PlyCount "107"]
[EventDate "2019.07.05"]

1. e4 e5 2. Nf3 Nc6 3. d4 exd4 4. Nxd4 Bc5 5. Nxc6 Qf6 6. Qf3 dxc6 7. Nc3 Qxf3
8. gxf3 Be6 9. Be3 Bxe3 10. fxe3 O-O-O 11. Ne2 Kb8 12. Nf4 Bc8 13. Bc4 Nh6 14.
Nh5 g6 15. Nf6 b5 16. Bb3 c5 17. c4 c6 18. Ke2 a5 19. a3 Ba6 20. Rhc1 a4 21.
Ba2 Kc7 22. cxb5 Bxb5+ 23. Bc4 Rb8 24. Ra2 Ng8 25. Ng4 Ne7 26. Ne5 f6 27. Nd3
Kd6 28. f4 Rhe8 29. e5+ fxe5 30. fxe5+ Kc7 31. Nxc5 Nd5 32. Nd3 Bxc4 33. Rxc4
Nb6 34. Rf4 Re7 35. Ra1 Ra8 36. Rc1 Ra5 37. Rf6 Rb5 38. Rcxc6+ Kb7 39. Rc5 Rb3
40. e6 Re8 41. Rf7+ Kb8 42. e7 Nd7 43. Rd5 Kc7 44. Rxd7+ Kxd7 45. Nc5+ Kd6 46.
Nxb3 axb3 47. Rxh7 Rc8 48. Kd3 Ke6 49. h4 Kd6 50. a4 Ke6 51. a5 Kd6 52. a6 Ke6
53. a7 Kd6 54. Rf7 1-0

[Event "International Tournament "]
[Site "Paracin, Pool "]
[Date "2019.07.06"]
[Round "3.51"]
[White "Yerden, Huseyin Eren"]
[Black "Strugnell, Carl"]
[Result "0-1"]
[WhiteElo "1992"]
[BlackElo "2248"]
[PlyCount "86"]
[EventDate "2019.07.05"]

1. d4 Nf6 2. c4 e6 3. g3 c5 4. d5 exd5 5. cxd5 d6 6. Nc3 g6 7. Bg2 Bg7 8. Nf3
O-O 9. O-O Re8 10. Bf4 h6 11. Qc1 g5 12. Bd2 Bf5 13. h4 g4 14. Ne1 h5 15. Nc2
Bg6 16. Bf4 Qb6 17. Na3 Bf8 18. Re1 Nbd7 19. e4 a6 20. Nc4 Qc7 21. a4 Nb6 22.
Na3 c4 23. Qd2 Nbd7 24. Rac1 Nc5 25. Qd4 Nb3 26. Qxf6 Be7 27. Bxd6 Bxd6 28.
Nxc4 Bxg3 29. fxg3 Nxc1 30. Nd6 Nd3 31. Rf1 Qb6+ 32. Kh2 Red8 33. e5 Nxe5 34.
Nce4 Bxe4 35. Qxe5 Bxg2 36. Kxg2 Qxd6 37. Qg5+ Qg6 38. Qe5 Re8 39. Qc7 Rac8 40.
Qxb7 Rb8 41. Qd7 Rxb2+ 42. Kg1 Ree2 43. Rf5 Re1+ 0-1

[Event "International Tournament "]
[Site "Paracin, Pool "]
[Date "2019.07.06"]
[Round "3.52"]
[White "Radosavljevic, Slobodan D"]
[Black "Nakahara, Kan"]
[Result "0-1"]
[WhiteElo "2246"]
[BlackElo "1958"]
[PlyCount "74"]
[EventDate "2019.07.05"]

1. g3 Nf6 2. Bg2 d5 3. Nf3 Bf5 4. d3 e6 5. O-O Bc5 6. c4 c6 7. Qb3 Qb6 8. Nc3
Nbd7 9. Nh4 dxc4 10. Qxc4 Be7 11. Nxf5 exf5 12. d4 Qb4 13. Qd3 Rd8 14. d5 Nb6
15. a3 Qg4 16. Bf3 Qg6 17. a4 Nbxd5 18. Nxd5 Nxd5 19. Be3 a6 20. Qb3 Rd7 21.
Bxd5 cxd5 22. Rfd1 Qe6 23. Rd2 O-O 24. Rad1 Rfd8 25. Bb6 Rc8 26. e3 Rc6 27. a5
Bc5 28. Rxd5 Rxd5 29. Rxd5 Bxb6 30. axb6 h6 31. Qd3 Qe4 32. Qxe4 fxe4 33. Rd8+
Kh7 34. Rd7 Rxb6 35. Rxf7 Rxb2 36. Re7 Rb4 37. Re5 b5 0-1

[Event "International Tournament "]
[Site "Paracin, Pool "]
[Date "2019.07.06"]
[Round "3.53"]
[White "Popovic, Aleksandar M"]
[Black "Kersten, Julian"]
[Result "1/2-1/2"]
[WhiteElo "2234"]
[BlackElo "1951"]
[PlyCount "116"]
[EventDate "2019.07.05"]

1. g3 Nf6 2. Bg2 g6 3. e4 d6 4. Ne2 Bg7 5. O-O O-O 6. Nbc3 c6 7. a4 e5 8. d4
Qc7 9. h3 Nbd7 10. Be3 Re8 11. Re1 exd4 12. Nxd4 Nc5 13. Bf4 Be6 14. b4 Ncd7
15. Rb1 Rad8 16. g4 h5 17. g5 Nh7 18. Nxe6 Rxe6 19. Ne2 Ne5 20. Nd4 Ree8 21. c3
Nf8 22. Bg3 a6 23. f4 Nc4 24. Qd3 b5 25. Re2 Ne6 26. Nf3 Nf8 27. Kh1 Kh7 28.
Rf1 Nd7 29. Nh4 Nf8 30. Ref2 Qd7 31. f5 Ne5 32. Qd1 Kg8 33. Kh2 Nc4 34. Qf3 Be5
35. axb5 axb5 36. Kh1 Ra8 37. fxg6 fxg6 38. Bxe5 Nxe5 39. Qg3 Nh7 40. Nf3 Nxf3
41. Rxf3 Rf8 42. Rd1 Rxf3 43. Bxf3 Rd8 44. Bg2 Qe7 45. h4 Nf8 46. Rf1 Nd7 47.
Kh2 Ne5 48. Bh3 Rf8 49. Rf4 Rxf4 50. Qxf4 Qf7 51. Kg3 Qxf4+ 52. Kxf4 Kf7 53.
Ke3 Ke7 54. Bf1 Ke6 55. Be2 Ke7 56. Kd4 Ke6 57. Bd1 Kd7 58. Be2 Ke6 1/2-1/2

[Event "International Tournament "]
[Site "Paracin, Pool "]
[Date "2019.07.06"]
[Round "3.54"]
[White "Vafin, Ayrat"]
[Black "Nagare, Akhilesh"]
[Result "1/2-1/2"]
[WhiteElo "2213"]
[BlackElo "1928"]
[PlyCount "108"]
[EventDate "2019.07.05"]

1. d4 Nf6 2. Nf3 e6 3. g3 b6 4. Bg2 Bb7 5. O-O c5 6. c4 cxd4 7. Qxd4 d6 8. Nc3
a6 9. Bg5 Be7 10. Bxf6 Bxf6 11. Qf4 O-O 12. Rfd1 Be7 13. Ne4 Bxe4 14. Qxe4 Ra7
15. Nd4 Rc7 16. b3 Re8 17. Rd2 Qc8 18. Rad1 Bf8 19. Qb1 Nd7 20. h3 Nf6 21. e4
Rd7 22. Nc2 Red8 23. Ne3 Qb8 24. a4 b5 25. cxb5 axb5 26. a5 b4 27. Ra2 Ra7 28.
Nc4 Nd7 29. Rad2 Nc5 30. Ra2 Be7 31. Kh2 h5 32. Kh1 h4 33. gxh4 Bxh4 34. Rad2
Be7 35. f4 d5 36. Ne5 Qc8 37. exd5 exd5 38. Rxd5 Rxd5 39. Rxd5 Rxa5 40. Nc6
Qxc6 41. Rd8+ Bxd8 42. Bxc6 Bf6 43. Qf5 Ra1+ 44. Kg2 Ne6 45. Qe4 Bc3 46. f5 Re1
47. Qh4 Re2+ 48. Kf1 Nd4 49. Qd8+ Kh7 50. Qh4+ Kg8 51. Bd5 Re1+ 52. Kf2 Re2+
53. Kf1 Re1+ 54. Kf2 Re2+ 1/2-1/2